00844cam a22002658a 45000010009000000050017000090080041000260100017000670200030000840350020001140400023001340410008001570420008001650600010001730800017001830820021002001000006002211010008002272450102002355040051003379060045003889420012004339990017004459520116004621692256320180316042723.0110815s2011 nyua b 001 0 eng  a 2011034490 a9781621004523 (hardcover) a(DNLM)101566945 aDNLM/DLCcDLCdDLC aeng apcc10aQU 34 a610.28 nin00a610.28 nin223 a5 abio00aBiochemistry and biotechnology :ceditors, Sergey D. Varfolomeev, G.E. Zaikov, Larisa P. Krylova. aIncludes bibliographical references and index. a7bcbccorignewd1eecipf20gy-gencatlg 2ddccBK c45189d45189 00102udc40708PËKGa002b002cPËKGd2018-03-16l0o610.28 ninp002-3002249r2018-03-16w2018-03-16yBK